IMF glossary English-French-Russian

Salvato in:
Dettagli Bibliografici
Natura: Libro
Lingua:inglese
francese
russo
Pubblicazione: Washington, D.C. IMF 1998
Soggetti:
Tags: Aggiungi Tag
Nessun Tag, puoi essere il primo ad aggiungerne!!

MARC

LEADER 00000nam$a2200000$$$4500
001 0007932
005 20240104114501.1
020 |a 1-55775-733-X 
041 0 |a eng 
041 0 |a fre 
041 0 |a rus 
044 |a US 
245 1 0 |a IMF glossary  |b English-French-Russian 
264 1 |a Washington, D.C.  |b IMF  |c 1998 
300 |a 433 s. 
610 2 0 |a Medzinárodný menový fond 
610 2 0 |a terminológia 
610 2 0 |a jazyky cudzie 
610 2 0 |a jazykoveda